00679cam a2200193u 450000100060000000300080000600500170001400800390003103500190007004000330008904100080012208200200013010000350015024500560018526000870024130000300032850400410035865000860039920229BD-RjUL20211209000534.0140227s1951 enka 000 0 eng a(BD-RjUL)20291 aDLCcCarPdDLCdBD-RjULbeng aeng a820.9bPRP 19511 aPryce-Jones, Alan,d1908-2000.10aProse literature, 1945-1950 /cby Alan Pryce-Jones. aLondon ;aNew York :bPublished for the British Council by Longmans, Green,c1951. a44 p. :billus. ;c21 cm. aIncludes bibliographical references. 0aEnglish prose literaturey20th centuryxHistory and criticism. [from old catalog]